000 00290nam a22001337a 4500
008 170907b xxu||||| |||| 00| 0 eng d
020 _a9780131756953
041 _aeng
080 _a91
100 _a42
101 _aGEO
245 _aGLOBALIZATION DIVERSITY
_cLEWIS.R
942 _2udc
_cBK
999 _c26651
_d26651